| 000 | 00478nam a2200157 a 4500 | ||
|---|---|---|---|
| 001 | 000037458 | ||
| 005 | 20200930080359.0 | ||
| 008 | 120418s1997 dr a 000 0 spa d | ||
| 040 |
_aDO-SdBNP _bspa _cBNPHU |
||
| 245 | 0 | 0 | _aPerfil de lechosas Hawaianas. |
| 260 |
_aSanto Domingo : _bJAD, _c1997. |
||
| 300 |
_a56 p. : _bil. ; _c25 cm. |
||
| 490 | 1 |
_aDocumentos técnicos _v8 |
|
| 710 | 2 | 2 |
_aJunta Agroempresarial Dominicana, (JAD) _963903 |
| 830 | 0 |
_aDocumentos técnicos ; _n8 _963909 |
|
| 999 |
_c36948 _d36948 |
||